Nihon keizai no tenkan to shinro,

Saved in:
Bibliographic Details
Main Author: Takahashi, Kamekichi, 1894-1977.
Format: Book
Language:Japanese
Published: Tōkyō, Tōyō Keizai Shinpōsha, Shōwa 49 (1974)
Subjects:
Tags: Add Tag
No Tags, Be the first to tag this record!
LEADER 00878nam a2200253 4500
001 007765742-X
005 20024617120653.0
008 930730s1974 ja 000 0 jpn
010 |a 74806319 /J 
015 |a Ja74-8342 
035 0 |a ocm28545614 
040 |a DLC  |c MoSW  |d *YNH*  |d CStRLIN 
050 0 |a HC462.9  |b .T29113 
100 1 |6 880-01  |a Takahashi, Kamekichi,  |d 1894-1977. 
245 1 0 |6 880-02  |a Nihon keizai no tenkan to shinro,  |c Takahashi Kamekichi cho. 
260 |6 880-03  |a Tōkyō,  |b Tōyō Keizai Shinpōsha,  |c Shōwa 49 (1974) 
300 |a 256 p.  |c 19 cm. 
651 0 |a Japan  |x Economic conditions  |y 1945- 
651 0 |a Japan  |x Economic policy  |y 1945- 
880 1 |6 100-01  |a 高橋亀吉,  |d 1894-1977. 
880 1 0 |6 245-02  |a 日本経済の転換と進路,  |c 高橋亀吉著. 
880 |6 260-03  |a 東京,  |b 東洋経済新報社,  |c 昭和49 (1974) 
988 |a 20021217 
906 |0 DLC